[Event "SS Manhem Chess Week-IM 2018"]
[Site "Gothenburg"]
[Date "2018.08.11"]
[Round "1"]
[White "Antonsen, Mikkel"]
[Black "Pantzar, Milton"]
[Result "0-1"]
[WhiteElo "2444"]
[BlackElo "2306"]
[Annotator "TA"]
[PlyCount "79"]
[EventDate "2018.08.11"]
[EventCountry "SWE"]
[SourceTitle "playchess.com"]
[Source "ChessBase"]
[SourceQuality "1"]

{[%evp 18,79,23,10,20,4,21,10,0,-59,-15,-35,0,-5,0,-100,-90,-102,-59,-54,-51,-73,0,-180,-183,-233,-220,-208,-216,-250,-221,-243,-256,-245,-234,-389,-363,-458,-412,-588,-567,-544,-581,-542,-531,-612,-382,-370,-315,-379,-371,-367,-343,-426,-387,-465,-457,-505,-491,-496,-344,-330,-328,-698]} 1. d4 {Mikhalchishin,A} Nf6 2. Nf3 d5 3. c4 e6 4. g3 Bb4+ 5. Bd2 Bd6 (5... Be7 6. Bg2 O-O 7. O-O Nbd7 8. b4 c6 9. a4 Bd6 10. Qc2 e5 11. cxd5 cxd5 12. dxe5 Nxe5 13. Bc3 Re8 14. Nbd2 Nxf3+ 15. Bxf3 Bh3 {½-½ (58) So,W (2778)-Karjakin,S (2782) Stavanger 2018}) 6. Nc3 {E01: Catalan: Early deviations} O-O 7. Bg5 c6 8. Bg2 h6 9. Bxf6 Qxf6 10. e4 {LiveBook: 3 Games. e5 is the strong threat.} Bc7 11. O-O {[%cal Re4d5]} dxc4 12. e5 Qe7 13. Ne4 $146 (13. Nd2 $11) 13... b6 14. Qc2 Ba6 15. Rfd1 Rd8 16. g4 (16. Nh4 $11 {keeps the balance.}) 16... Nd7 $17 17. g5 hxg5 18. Nfxg5 Nf8 19. f4 Rd7 ({Better is} 19... f6 $17 20. Nh3 Qf7) 20. Nc3 $2 (20. Qc3 $11 {and White is okay.}) 20... Rad8 $19 21. Qf2 {[#]} b5 $1 22. Kh1 (22. Bxc6 Bb6 $11) 22... Bb6 {[%cal Rd7d4]} 23. Be4 Rxd4 24. Rxd4 Bxd4 ({Don't take} 24... Rxd4 25. Qh4) 25. Qh4 {[#] Threatens to win with Bh7+.} g6 $1 26. Ne2 $2 (26. Bg2 Bxc3 27. bxc3) 26... c5 27. Rf1 b4 28. Rf3 (28. Rb1 $142) 28... Bb7 {Hoping for ...Bxe4.} 29. Ng3 {Bxb7 would now be nice for White.} f5 (29... Bxb2 30. Bxb7 f6 31. N5e4 $11) 30. exf6 Bxf6 31. Rf1 Rd4 {Strongly threatening ...Rxe4!} 32. Qg4 Bxe4+ 33. N3xe4 Bg7 34. Re1 Qb7 35. h4 Qd5 36. h5 Qf5 37. Qf3 Rd3 38. Re3 gxh5 39. Rxd3 cxd3 40. Ng3 $2 {Precision: White = 36%, Black = 63%.} (40. b3) 0-1

[Event "SS Manhem Chess Week-IM 2018"]
[Site "Gothenburg"]
[Date "2018.08.11"]
[Round "1"]
[White "Nedilko, Vasily"]
[Black "Vypkhaniuk, Ihor"]
[Result "0-1"]
[WhiteElo "2369"]
[BlackElo "2357"]
[Annotator "TA"]
[PlyCount "98"]
[EventDate "2018.08.11"]
[EventCountry "SWE"]
[SourceTitle "playchess.com"]
[Source "ChessBase"]
[SourceQuality "1"]

{[%evp 17,98,33,30,22,32,2,38,10,25,6,15,15,18,16,17,32,32,0,30,8,30,24,55,23,31,-14,22,22,23,18,15,-25,0,-18,-19,-43,-43,-39,-54,-53,-56,-127,-120,-216,-207,-204,-168,-184,-160,-245,-241,-239,-100,-243,-256,-246,-93,-362,-93,-245,-93,-296,-93,-490,-483,-489,-474,-473,-470,-468,-456,-477,0,-453,-417,-549,-539,-652,-648,-641,-623,-532,-524]} 1. d4 Nf6 2. c4 g6 3. Nf3 Bg7 4. g3 O-O 5. Bg2 Nc6 6. O-O d6 7. Nc3 e5 8. d5 Nb8 9. e4 a5 {LiveBook: 81 Games. E62: King's Indian: Fianchetto: 6...c6 and Panno Variation (6...Nc6) without ...a6} 10. Bd2 (10. Ne1 Na6 11. Nd3 Nd7 12. f4 exf4 13. gxf4 Nb6 14. Qb3 Re8 15. Be3 a4 16. Nxa4 Nxa4 17. Qxa4 {0-1 (32) Mamedyarov,S (2772)-Shimanov,A (2642) chess.com INT 2017}) 10... Na6 11. Qc2 $146 ({Predecessor:} 11. Qe2 Nc5 12. Ne1 Nfd7 13. Nd3 Nxd3 14. Qxd3 Nc5 15. Qc2 f5 16. f4 fxe4 17. fxe5 Bxe5 18. Bxe4 {½-½ (38) Balouka Myers,G (1656)-Kalavannan,K (2178) Coventry 2015}) 11... Nc5 {The position is equal.} 12. Rab1 Bd7 13. b3 b6 14. Ne1 Nh5 15. Nd3 f5 16. Nxc5 bxc5 17. Nb5 Nf6 18. f3 h5 19. Bg5 Qb8 20. a4 Nh7 21. Qd2 (21. Bd2 {is interesting.} f4 22. Qc1 Bh6 23. Qe1 Qb6 24. Nc3) 21... f4 22. gxf4 Nxg5 23. fxg5 Rf4 24. Nc3 h4 25. Ne2 h3 $36 {[%mdl 2048] Black has good play.} 26. Nxf4 exf4 27. Qxf4 Bd4+ 28. Kh1 Qb4 29. Rfd1 (29. Qc1 $15) 29... Rf8 30. Qd2 (30. Qc1 $17) 30... Qxd2 31. Rxd2 hxg2+ 32. Kxg2 Be3 33. Rd3 (33. Re2 $17 Bxg5 34. Ree1) 33... Bxg5 $19 34. Rh1 Kg7 (34... Rf4 $19 35. Kg3 Rh4) 35. Kg3 (35. h4 $17 Bf6 36. Kf1) 35... Bf4+ {[%mdl 1024] Black has strong compensation.} 36. Kg2 {[#]} Rh8 $2 (36... g5 $1 $19 {[%cal Rg5g4]} 37. Rdd1 Rh8) 37. h3 $2 {[%mdl 8192]} (37. h4 $17 {was the only defense.}) 37... Kh6 $2 (37... Rh4 $19 38. Rdd1 Be5) 38. Rdd1 $2 (38. h4 $17 {was forced.}) 38... Kg5 $2 (38... Rb8 $19 39. Rb1 Be5) 39. Kf2 $2 (39. h4+ $17 Kf6 40. Kf1) 39... Rb8 $2 (39... Rh4 $19 {has better winning chances.} 40. Kg2 Be5) 40. Rd3 $2 {[%mdl 8192] [#]} (40. h4+ $17 {was the crucial defense.} Kf6 41. Rb1) 40... Kh4 $1 41. Kg2 Bg3 42. Rc3 Re8 43. Rcc1 Bf4 44. Rcg1 Bg3 $2 (44... Rb8 $19 45. Rb1 Be5) 45. Rd1 $2 {[%mdl 8192]} (45. Rc1 $1 $11 {and White is okay.}) 45... Rh8 46. Rdg1 Rb8 {Black is clearly winning.} 47. Rb1 g5 48. Rb2 {[#]} Bxa4 $1 {[%mdl 512]} 49. Ra2 (49. bxa4 Rxb2+) 49... Bd7 {Precision: White = 19%, Black = 44%.} 0-1

[Event "SS Manhem Chess Week-IM 2018"]
[Site "Gothenburg"]
[Date "2018.08.11"]
[Round "1"]
[White "Kucuksari, Kaan"]
[Black "Storme, Isak"]
[Result "0-1"]
[WhiteElo "2329"]
[BlackElo "2279"]
[Annotator "TA"]
[PlyCount "81"]
[EventDate "2018.08.11"]
[EventCountry "SWE"]
[SourceTitle "playchess.com"]
[Source "ChessBase"]
[SourceQuality "1"]

{[%evp 22,81,12,8,14,-50,-54,-43,-46,-52,16,-138,-140,-128,-113,-120,-119,-147,-131,-150,-148,-149,-149,-174,-196,-190,-183,-201,-163,-175,-155,-173,-170,-188,-181,-303,-298,-325,-325,-408,-408,-385,-385,-679,-670,-656,-611,-631,-572,-800,-788,-1012,-1010,-1091,-963,-29984,-29986,-29986,-29973,-29966,-9556,-29980]} 1. d4 Nf6 2. Nf3 e6 3. c4 c5 4. d5 d6 5. Nc3 exd5 6. cxd5 g6 7. Bf4 Bg7 8. h3 {A61: Modern Benoni: Nf3 without early e4} O-O 9. e3 Na6 (9... Qe7 10. Nd2 Nh5 11. Bh2 f5 12. Be2 f4 13. O-O fxe3 14. Nde4 exf2+ 15. Kh1 Bxc3 16. Nxc3 {0-1 (49) Xiong,J (2665)-Caruana,F (2804) Saint Louis 2018}) 10. Be2 Nc7 11. O-O Rb8 12. a4 {LiveBook: 3 Games} a6 {[%cal Ba7a6,Ba6b5][%mdl 32]} 13. Rb1 $146 (13. e4 $11) ({Predecessor:} 13. a5 b5 14. axb6 Rxb6 15. Qd2 Nfxd5 {0-1 (74) Rychagov,A (2558)-Halkias,S (2543) Paleochora 2016}) 13... b5 $15 14. axb5 axb5 15. b4 {[#] bxc5 is the strong threat.} Bf5 (15... c4 $15) 16. Rb3 $2 ({White should try} 16. bxc5 $11 Bxb1 17. cxd6) 16... c4 $17 17. Ra3 Ne4 18. Nxe4 Bxe4 19. Ng5 Bxd5 20. Ra7 {Black should prevent Rxc7!} h6 $36 {[%mdl 2048] White is under strong pressure.} 21. Nf3 Rb6 22. Qd2 Be4 23. Nd4 {[#]} Nd5 $1 24. f3 Nxf4 25. fxe4 Nxe2+ 26. Nxe2 Qb8 27. Ra5 Qb7 28. Qc2 (28. Qd5 $142) 28... d5 $19 29. exd5 Qxd5 30. e4 Qd6 31. Qb1 Qd2 32. Nf4 $2 (32. Ra2 Qe3+ 33. Kh1) 32... Rf6 33. g3 g5 34. e5 Qe3+ ({Not} 34... gxf4 35. exf6 fxg3 36. Ra2 $17) 35. Kg2 Qxe5 36. Re1 Qd6 37. Rd1 Qe7 38. Nd5 Qe2+ 39. Kg1 Rf2 40. Ra2 Qxa2 41. Qe4 {Precision: White = 44%, Black = 88%.} 0-1

[Event "SS Manhem Chess Week-IM 2018"]
[Site "Gothenburg"]
[Date "2018.08.11"]
[Round "1"]
[White "Rydstrom, Tom"]
[Black "Ernst, Thomas"]
[Result "1-0"]
[WhiteElo "2316"]
[BlackElo "2346"]
[Annotator "TA"]
[PlyCount "131"]
[EventDate "2018.08.11"]
[EventCountry "SWE"]
[SourceTitle "playchess.com"]
[Source "ChessBase"]
[SourceQuality "1"]

{[%evp 20,131,54,12,77,79,71,70,70,57,74,41,75,52,74,25,33,23,33,18,8,0,31,26,43,38,28,0,0,0,29,-2,0,-16,0,0,0,-28,0,0,15,-35,34,-34,83,91,156,108,89,96,189,191,208,192,188,204,520,519,476,481,29996,29979,29960,12576,29986,1041,1041,1041,1041,1041,1041,1010,1024,1022,934,842,760,566,1135,1094,29987,29988,29988,29989,29989,1194,29992,29993,29993,29994,29997,29998,29998,29950,29947,29950,29945,29946,12850,29948,12850,29941,12844,12848,12845,12841,12846,12836,12833,12841,8156,6087,5310,5114]} 1. e4 e5 2. Nf3 Nc6 3. Bb5 a6 4. Ba4 Nf6 5. d3 b5 6. Bb3 Be7 7. Nc3 d6 8. a4 Rb8 {C77: Ruy Lopez: 3...a6 4 Ba4 Nf6, unusual lines} 9. axb5 axb5 10. Nd5 O-O 11. O-O {LiveBook: 33 Games} Bb7 $146 (11... Nxd5 $11 12. Bxd5 Qe8) ({Predecessor:} 11... Nxd5 12. Bxd5 Nb4 13. Bb3 c5 14. c3 Nc6 15. Bd5 Bd7 16. h3 Bf6 17. Nh2 Ne7 {½-½ (17) Kasimdzhanov,R (2691)-Mamedyarov,S (2762) Tashkent 2016}) 12. c3 $16 Ra8 13. Rxa8 Bxa8 14. Ne3 Qd7 15. Qe2 Na5 16. Ba2 c5 17. b4 cxb4 18. cxb4 Nc6 19. Bd2 Bd8 20. h3 Bb6 21. Nf5 Ne7 22. Nxe7+ Qxe7 23. Bg5 h6 24. Bd2 Kh7 25. Kh2 Bb7 26. Nh4 d5 {[%cal Rd5e4]} 27. Nf5 Qd7 {[%cal Rd5e4]} 28. f3 Ra8 29. Bb1 Ng8 30. Qe1 Bd8 (30... Ne7 $15) 31. Kh1 (31. f4 $14) 31... Kh8 {[#]} (31... g6 $15 {keeps the upper hand.} 32. Ne3 Nf6) 32. Qg3 $1 $36 {[%csl Gf5][%cal Rg3g7][%mdl 2048] White has strong initiative.} Bf6 {[#]} ({Black should try} 32... f6) 33. d4 $1 {[%mdl 512]} dxe4 (33... exd4 34. e5) 34. fxe4 Re8 (34... Ra6 $16) 35. d5 $18 Kh7 36. Qg4 Rd8 37. Bd3 Bxd5 $2 (37... Bc8 {is tougher.} 38. Qe2 Qc7) 38. exd5 Qxd5 39. Be4 Qxd2 (39... Qd7 $18 40. Nxh6+ g6) 40. Nd6+ g6 41. Nxf7 {[%csl Ge4][%cal Rg4g6]} Bg5 42. Nxd8 (42. Qe6 $142 Nf6 43. Bxg6+ Kg7 44. Nxg5 Rf8 45. Qe7+ Kxg6 46. Ne6 Rg8 47. Qxf6+ Kh5 48. g4+ Rxg4 49. hxg4+ Kxg4 50. Rg1+ Kh3 51. Qf5+ Kh4 52. Qg4#) 42... Qxd8 43. Qe6 Nf6 44. Qf7+ Kh8 45. Qxg6 {Intending Rxf6! and mate.} Nxe4 46. Qxe4 {[%mdl 4096] Endgame KQR-KQB} Qe7 47. Ra1 Kg7 48. Qa8 {aiming for Ra7.} Qxb4 49. Ra7+ Kg6 50. Qe8+ Kf5 51. Qd7+ Ke4 52. Qc6+ (52. Qg4+ $142 Bf4 53. Qf3+ Kf5 54. Qd3+ Qe4 55. Qd7+ Kg5 56. Qg4+ Kf6 57. Qg7+ Kf5 58. Qh7+ Ke6 59. Qd7+ Kf6 60. Ra6+ Qc6 61. Rxc6+ Kg5 62. Qg4#) 52... Ke3 53. Qf3+ Kd4 54. Rd7+ Kc5 55. Qd5+ Kb6 56. Rb7+ Ka5 57. Qa2+ Qa4 58. Ra7+ Kb4 59. Rxa4+ bxa4 60. Qb2+ Kc4 61. Qxe5 {White is clearly winning.} a3 62. Qe6+ Kb4 63. Qa2 Bc1 64. g4 Bb2 65. Kg2 Kc5 66. Kf3 {Precision: White = 49%, Black = 32%.} 1-0

[Event "SS Manhem Chess Week-IM 2018"]
[Site "Gothenburg"]
[Date "2018.08.11"]
[Round "1"]
[White "Hobber, Anders"]
[Black "Mikalsen, Erlend"]
[Result "1-0"]
[WhiteElo "2314"]
[BlackElo "2289"]
[Annotator "TA"]
[PlyCount "59"]
[EventDate "2018.08.11"]
[EventCountry "SWE"]
[SourceTitle "playchess.com"]
[Source "ChessBase"]
[SourceQuality "1"]

{[%evp 9,59,-1,2,-9,1,0,0,0,0,0,10,6,73,0,0,0,0,0,0,0,0,-6,16,14,23,0,0,0,0,-27,0,0,0,0,0,0,0,0,0,0,168,167,246,222,946,918,891,681,673,652,29992,29993]} 1. d4 Nf6 2. Bf4 b6 (2... b5 3. e3 Bb7 4. Nf3 a6 5. c4 bxc4 6. Bxc4 e6 7. Nc3 d5 8. Bd3 Nbd7 9. O-O Be7 10. Na4 c5 11. Nxc5 Nxc5 12. dxc5 Bxc5 13. Rc1 {½-½ (81) Caruana,F (2816)-Vachier Lagrave,M (2789) Paris 2018}) 3. e3 Bb7 4. Nd2 d6 5. Ngf3 Nh5 6. Bg3 {A45: Trompowsky Attack} Nxg3 7. hxg3 g6 $146 ({Predecessor:} 7... Nd7 8. e4 g6 9. Bc4 e6 10. Qe2 a6 11. a4 Bg7 {0-1 (42) Cacco,C (2252)-Rotstein,A (2499) Cortina d'Ampezzo 2003}) 8. Bd3 {The position is equal.} Bg7 9. Qe2 a6 10. O-O-O c5 (10... h6 $11 {keeps the balance.}) 11. Rh4 (11. Ng5 $16) 11... Nd7 12. Rdh1 h6 13. g4 b5 {Strongly threatening ...c4.} 14. c3 Rg8 15. g5 hxg5 16. Nxg5 e5 17. f4 Qe7 $1 18. dxe5 dxe5 19. Be4 Bxe4 20. Ndxe4 {Threatens to win with Qd2.} f5 21. Qd3 fxe4 22. Qxe4 O-O-O $1 {[%cal Rc8c7]} 23. Qc6+ $1 Kb8 24. Qxa6 {aiming for Ne6.} b4 $2 (24... Rge8 $11 {and Black is okay.}) 25. Ne6 $1 $18 Rc8 {[#]} (25... exf4 {was called for.} 26. Qb5+ (26. Rxf4 Rde8 $11) (26. exf4 Rc8 $11) 26... Ka7 27. Qa5+ (27. Nxd8 Rxd8 28. Rh7 Nb6 $17) 27... Kb7 28. Qc7+ Ka6 29. Qc6+ (29. Nxd8 Rxd8 30. Rxf4 Qxe3+ 31. Kc2 Nb6 $15) 29... Nb6 30. Nc7+ (30. Nxd8 $2 Qxe3+ 31. Kb1 Qd3+ 32. Kc1 Rxd8 $19) (30. exf4 $2 Rc8 $19) (30. Nxc5+ Ka7 $15) (30. Rxf4 $2 Rc8 $19) 30... Ka7 31. Nb5+ Ka6 32. Nc7+ Ka7 33. Nb5+ Ka6 34. Nc7+) 26. Rd1 $1 $40 {[%cal Bh1d1,Bd1d6,Bd6e6,Be6e7][%mdl 160] White wants a kill.} (26. Rh7 Nf6 $14) 26... Nf8 $2 {[#]} (26... Qxh4 27. Qb5+ Ka8) 27. Rd6 $3 {[%cal Rd6b6][%mdl 512] Threatening mate with Rb6+.} Nxe6 28. Rxe6 Qa7 {And now ...Qxa6 would win.} 29. Qb5+ Kc7 30. Re7+ {Precision: White = 74%, Black = 52%.} 1-0

[Event "SS Manhem Chess Week-IM 2018"]
[Site "Gothenburg"]
[Date "2018.08.12"]
[Round "2"]
[White "Nedilko, Vasily"]
[Black "Hobber, Anders"]
[Result "1/2-1/2"]
[WhiteElo "2369"]
[BlackElo "2314"]
[Annotator "TA"]
[PlyCount "117"]
[EventDate "2018.08.11"]
[EventCountry "SWE"]
[SourceTitle "playchess.com"]
[Source "ChessBase"]
[SourceQuality "1"]

{[%evp 12,117,43,45,51,62,52,42,61,59,78,63,64,31,33,31,27,29,37,33,27,33,46,22,27,11,16,0,0,0,0,0,76,75,107,99,148,148,148,148,148,148,148,141,141,137,136,97,97,97,137,120,134,141,135,143,126,129,133,65,71,0,0,-82,-82,-271,-204,-204,-204,-204,-204,-204,-204,-204,-204,-204,-204,-204,-204,-204,-204,-204,-204,-441,-441,-441,-204,-517,-453,-522,-495,-455,-455,-455,-447,-439,0,0,0,-394,0,0,0,-293,-327,-285,0,-204]} 1. d4 d5 2. c4 c6 3. Nf3 Nf6 4. Nc3 Qb6 5. Qc2 Bg4 6. c5 Qc7 {D15: Slav Defence: 4 Nc3 a6 and gambit lines after 4 Nc3 dxc4} 7. Ne5 {LiveBook: 10 Games} Be6 8. Bf4 {Hoping for Ng6.} Qc8 {White is slightly better.} 9. h3 $146 ({Predecessor:} 9. f3 g6 10. g4 Bg7 11. e3 Nfd7 12. Nd3 h5 13. gxh5 Rxh5 14. Be2 {½-½ (37) Nguyen,C (2415)-Di Caro,C (2399) Arvier 2008}) 9... g6 10. e3 Bf5 11. Bd3 Bxd3 12. Qxd3 (12. Nxd3 {is more complex.} Bg7 13. O-O O-O 14. f3 Nfd7 15. Bg3) 12... Bg7 13. O-O O-O 14. b4 Nbd7 15. Nf3 Re8 16. Bh2 b6 17. Rfc1 a5 18. cxb6 {With the idea Rab1.} axb4 19. Nb5 $36 {[%mdl 2048] And now Nc7 would win. White has some pressure.} Qa6 $1 ({Weaker is} 19... Nxb6 20. Nc7 $16) 20. Rxc6 Rec8 $1 {[%cal Rc8c6]} 21. Qc2 Rxc6 (21... Nxb6 $11 22. Nc7 Qb7) 22. Qxc6 $16 {Threatens to win with Nc7.} Rc8 23. Bc7 {Strongly threatening b7.} Qxb6 24. Qxb6 Nxb6 25. Bxb6 Rb8 26. Bc5 Rxb5 27. Rb1 Bf8 28. Rxb4 Ra5 29. Rb2 Ne4 30. Bb4 Ra4 31. Ne5 e6 32. Bxf8 Kxf8 {[%mdl 4096] Endgame [#] KRN-KRN} 33. Rb8+ $1 Kg7 {[#]} 34. Rb7 $1 Rxa2 35. Rxf7+ (35. Nxf7 $16 {Black must now prevent Ng5+.} Ra1+ 36. Kh2) 35... Kg8 $14 36. g4 (36. h4 $16) 36... Ng5 $11 37. Rf6 (37. Re7 $11) 37... Kg7 $17 38. h4 $2 (38. Rf3 $17 {keeps fighting.}) 38... Nh3+ 39. Kg2 Kxf6 40. Kxh3 Rxf2 $19 {KR-KN} 41. Kg3 Re2 42. Kf3 Re1 43. Nd7+ Ke7 44. Ne5 Rf1+ 45. Kg3 Kf6 46. Nd7+ Kg7 47. g5 $2 (47. Ne5) 47... Kf7 48. Ne5+ Ke7 49. Ng4 $2 (49. Nf3) 49... Kd6 50. Kg2 Rf5 51. Nh6 Rf8 52. Ng4 Ke7 53. Kg3 Rf5 54. Nh6 $1 Rf1 55. Ng4 $1 Rf5 $2 (55... Rf8 $19 {...Rf1 is the strong threat.} 56. Kg2 Ra8) 56. Nh6 $1 $11 Rf1 $2 {[%mdl 8192]} (56... Rf8 $11 57. Ng4 Rb8) 57. Ng4 $1 $19 Rf8 58. Ne5 Rf1 59. Ng4 $1 {Precision: White = 58%, Black = 73%.} 1/2-1/2

[Event "SS Manhem Chess Week-IM 2018"]
[Site "Gothenburg"]
[Date "2018.08.12"]
[Round "2"]
[White "Vypkhaniuk, Ihor"]
[Black "Pantzar, Milton"]
[Result "1-0"]
[WhiteElo "2357"]
[BlackElo "2306"]
[Annotator "TA"]
[PlyCount "93"]
[EventDate "2018.08.11"]
[EventCountry "SWE"]
[SourceTitle "playchess.com"]
[Source "ChessBase"]
[SourceQuality "1"]

{[%evp 20,93,0,3,12,19,34,26,32,-44,6,8,50,33,58,36,32,8,16,10,26,13,23,8,7,16,44,46,96,104,102,79,95,84,106,84,125,70,94,103,98,107,103,93,89,92,92,92,85,92,92,92,92,92,92,92,83,82,144,144,247,250,246,243,256,250,242,242,243,257,502,465,521,466,427,402]} 1. Nf3 Nf6 2. c4 e6 3. g3 d5 4. Bg2 Be7 5. O-O O-O 6. b3 d4 7. e3 c5 8. exd4 cxd4 9. d3 Nc6 10. Re1 Nd7 11. Ba3 {LiveBook: 14 Games. A14: English Opening: 1...e6 with b3 by White} Re8 12. Bxe7 Rxe7 13. a3 {White is slightly better.} a5 {[#]} 14. Ng5 $146 (14. Qc2 $14) ({Predecessor:} 14. Nbd2 Nc5 15. Ne4 Nxe4 16. Rxe4 e5 17. Re1 Bg4 18. h3 Bh5 {½-½ (36) Aronian,L (2799)-Nakamura,H (2792) Saint Louis 2017}) 14... e5 15. Nd2 Nf6 16. Nde4 Nxe4 17. Bxe4 g6 18. Qd2 f6 19. Bd5+ Kg7 20. Ne4 Re8 21. h4 Bf5 22. b4 axb4 23. axb4 Bxe4 24. Bxe4 Qc7 25. Bg2 Ne7 {[%cal Bc6e7,Be7f5,Bf5d6][%mdl 32]} 26. Qe2 Qb6 27. b5 Nf5 28. Qf3 (28. Rxa8 $16 Rxa8 29. Qf3) 28... Rxa1 29. Rxa1 e4 30. dxe4 Nd6 31. Qd3 Rc8 {[#]} 32. Rc1 $1 Qc5 {[#]} 33. Rd1 $1 Qxc4 34. Qxd4 Qxd4 35. Rxd4 Nxb5 $16 {[%mdl 4096] Endgame KRB-KRN} 36. Rd7+ Kg8 37. Rxb7 Nd4 38. Rd7 Nc6 (38... Rc4 $142) 39. Bh3 {Hoping for Be6+.} Ne5 (39... Re8 $16 40. Rd6 Nd8) 40. Be6+ $18 Kf8 41. Rxh7 Rc6 42. Bd5 Rc2 43. Ra7 Ng4 44. Ra2 Rxa2 $2 (44... Rc5 {is a better defense.} 45. Kg2 Rc7) 45. Bxa2 {White is clearly winning.} Ne5 46. f4 Nc6 47. Kf2 {Precision: White = 65%, Black = 44%.} 1-0

[Event "SS Manhem Chess Week-IM 2018"]
[Site "Gothenburg"]
[Date "2018.08.12"]
[Round "2"]
[White "Ernst, Thomas"]
[Black "Antonsen, Mikkel"]
[Result "1-0"]
[WhiteElo "2346"]
[BlackElo "2444"]
[Annotator "TA"]
[PlyCount "95"]
[EventDate "2018.08.11"]
[EventCountry "SWE"]
[SourceTitle "playchess.com"]
[Source "ChessBase"]
[SourceQuality "1"]

{[%evp 21,95,-18,-18,-13,11,15,4,0,23,-3,0,-22,-19,-11,-12,-18,4,-22,97,93,104,74,87,68,120,125,115,128,125,119,115,36,37,36,36,29,23,28,33,0,0,0,0,0,0,0,0,0,0,14,23,23,23,23,547,541,561,609,614,601,589,562,538,497,2645,1695,1722,1432,29979,29980,29986,29987,29989,29990,29991,29992]} 1. e4 e5 2. Nf3 Nc6 3. Bb5 Nf6 4. d3 Bc5 5. O-O Nd4 6. Nxd4 Bxd4 7. c3 {C65: Ruy Lopez: Berlin Defence (3...Nf6), unusual lines and 4 0-0 Bc5} (7. Ba4 O-O 8. Nd2 d5 9. exd5 Qxd5 10. Bb3 Qc6 11. Qf3 Bd7 12. h3 Rae8 13. Re1 b5 14. Qxc6 Bxc6 {½-½ (78) Caruana,F (2816)-Karjakin,S (2782) Paris 2018}) 7... Bb6 8. Nd2 {[%cal Bb1d2,Bd2c4,Bc4e3,Be3f5][%mdl 32]} c6 9. Ba4 d6 10. Nc4 Bc7 11. Ne3 O-O {LiveBook: 6 Games} 12. Qf3 Be6 $146 ({Predecessor:} 12... g6 13. Bb3 Kg7 14. h3 Qe7 {½-½ (117) Fedorchuk,S (2648)-Leko,P (2691) Riadh 2017}) 13. Nf5 Nd7 14. Bc2 Qf6 15. g4 Kh8 16. Qg3 g6 17. g5 Qd8 18. Nh6 f5 19. f4 d5 (19... fxe4 $11 {remains equal.} 20. dxe4 exf4 21. Bxf4 Qe7) 20. exf5 $16 Bxf5 ({But not} 20... gxf5 21. Be3 $11) 21. Be3 Qe7 22. Rae1 Qg7 (22... Be6 $14) 23. fxe5 Bxe5 24. Bf4 Rae8 25. Bxe5 Rxe5 26. Rxe5 (26. Kg2 $16) 26... Qxe5 $14 27. Qxe5+ Nxe5 28. d4 (28. b4 {seems wilder.} Kg7 29. Nxf5+ Rxf5 30. Rxf5 gxf5 31. Kg2) 28... Nc4 29. Nxf5 gxf5 30. Rxf5 (30. Re1 {keeps more tension.} Rf7 31. h4 Kg7 32. Kf2 Nxb2 33. h5) 30... Rxf5 31. Bxf5 Nxb2 $11 {[%mdl 4096] Endgame KB-KN} 32. Bc2 Nc4 33. Kf2 Kg7 34. Kf3 a5 35. Kf4 b5 36. h4 {[%cal Bh2h4,Bh4h5,Bh5h6][%mdl 32]} a4 37. Bf5 {[#] Black must now prevent Bd7.} a3 $2 {[%mdl 8192]} (37... Nd6 $11 {and Black is okay.}) 38. Bd7 $18 Na5 39. h5 h6 40. Kg4 hxg5 41. Kxg5 Kh7 42. h6 Nc4 (42... Kh8 $142 43. Kf6 Kh7) 43. Bxc6 Ne3 44. Bxb5 Nd1 45. Bd3+ {White mates.} Kh8 46. c4 {[%cal Bc3c4,Bc4d5,Bd5d6][%mdl 32]} Nb2 47. cxd5 Nxd3 48. d6 {Precision: White = 71%, Black = 36%.} 1-0